000 00494nam a2200169 a 4500
001 000029757
005 20200930055801.0
008 110425t1984 sp a 000 0 spa d
040 _aDO-SdBNP
_bspa
_cBNPHU
100 1 _aMishima, Yukio
_956529
245 1 0 _aNieve de primavera /
_cYukio Mishima ;editor Luis de caralt.
250 _a3a. ed.
260 _aBarcelona :
_bTensa,
_c1984.
300 _a351 p. :
_bil. ;
_c21 cm.
490 1 _aColección Gigante
830 0 0 _aColección Gigante
_949580
999 _c29249
_d29249